Vzostup Saigonu

Vietnam v zrkadle. Vietnam ako jedna z najrýchlejšie rastúcich ekonomík sveta. Pham Nat Vuong - prvý vietnamský miliardár. Phamov príbeh -zosobnenie vývoja Vietnamu po vojne, príbeh kapitalizmu v krajine, ktorá zostáva komunistická. Začiatky podnikania na Ukrajine. Vietnamské aktivity - spoločnosť V...

Ausführliche Beschreibung

Gespeichert in:
Bibliographische Detailangaben
1. Verfasser: Nguyen, Lan Anh
Format: Buchkapitel
Sprache:Slowakisch
Schlagworte:
Tags: Tag hinzufügen
Keine Tags, Fügen Sie das erste Tag hinzu!

MARC

LEADER 00000naa a2200000 4500
001 0167589
005 20231013090128.5
041 0 |a slo 
044 |a SK 
245 1 0 |a Vzostup Saigonu  |c Lan Anh Nguyen 
520 |a Vietnam v zrkadle. Vietnam ako jedna z najrýchlejšie rastúcich ekonomík sveta. Pham Nat Vuong - prvý vietnamský miliardár. Phamov príbeh -zosobnenie vývoja Vietnamu po vojne, príbeh kapitalizmu v krajine, ktorá zostáva komunistická. Začiatky podnikania na Ukrajine. Vietnamské aktivity - spoločnosť Vingroup. 
610 2 0 |a podnikanie 
610 2 0 |a podnikatelia 
610 2 0 |a bohatí 
610 2 0 |a bohatstvo 
610 2 0 |a nehnuteľnosti 
610 2 0 |a hotely 
610 2 0 |a Vietnam 
100 1 |a Nguyen, Lan Anh